Statistics for Snowpoles of the (street view) world

Click here to take the quiz!

General Stats

  • This quiz has been taken 13 times
  • The average score is 11 of 74

Answer Stats

Answer% Correct
Andorra
100%
Austria
100%
Austria
100%
Norway
100%
Slovenia
100%
Andorra
50%
Andorra
50%
Austria
50%
Denmark
50%
France
50%
Greece
50%
Italy
50%
Norway
50%
Portugal
50%
Spain
50%
Sweden
50%
Andorra
0%
Australia
0%
Australia
0%
Australia
0%
Australia
0%
Australia
0%
Austria
0%
Austria
0%
Austria
0%
Austria
0%
Austria
0%
Austria
0%
Austria
0%
Austria
0%
Austria
0%
Chile
0%
Croatia
0%
Croatia
0%
Czechia
0%
Denmark
0%
Finland
0%
France
0%
France
0%
Germany
0%
Germany
0%
Germany
0%
Germany
0%
Greece
0%
Greenland
0%
Hungary
0%
Italy
0%
Italy
0%
Italy
0%
Japan
0%
Japan
0%
Japan
0%
Japan
0%
Japan
0%
Norway
0%
Norway
0%
Romania
0%
San Marino
0%
Slovenia
0%
Slovenia
0%
Slovenia
0%
Spain
0%
Spain
0%
Spain
0%
Spain
0%
Spain
0%
Sweden
0%
Sweden
0%
Switzerland
0%
Switzerland
0%
Switzerland
0%
Turkey
0%
United Kingdom
0%
United Kingdom
0%

Score Distribution

Percentile by Number Answered

Percent of People with Each Score

Your Score History

You have not taken this quiz